Touch blue / (Record no. 3768)

MARC details
000 -LEADER
fixed length control field 00831nam a22002417a 4500
001 - CONTROL NUMBER
control field 3768
003 - CONTROL NUMBER IDENTIFIER
control field FISKH
005 - DATE AND TIME OF LATEST TRANSACTION
control field 20240506112822.0
008 - FIXED-LENGTH DATA ELEMENTS--GENERAL INFORMATION
fixed length control field 240506b cb ||||| |||| 00| 0 eng d
040 ## - CATALOGING SOURCE
Original cataloging agency FISK
Language of cataloging eng
Transcribing agency FISK
Modifying agency FISK
050 ## - LIBRARY OF CONGRESS CALL NUMBER
Classification number PZ7.L87734
082 ## - DEWEY DECIMAL CLASSIFICATION NUMBER
Classification number 813.62
100 ## - MAIN ENTRY--PERSONAL NAME
Personal name Cynthia Lord
Dates associated with a name 1935-
245 ## - TITLE STATEMENT
Title Touch blue /
Statement of responsibility, etc. Cynthia Lord
260 ## - PUBLICATION, DISTRIBUTION, ETC.
Place of publication, distribution, etc. New York :
Name of publisher, distributor, etc. Scholastic,
Date of publication, distribution, etc. 2012
300 ## - PHYSICAL DESCRIPTION
Extent 186 pages :
Dimensions 20 cm
505 ## - FORMATTED CONTENTS NOTE
Formatted contents note M
520 ## - SUMMARY, ETC.
Summary, etc. When the state of Maine threatens to shut down their island's one-room schoolhouse because of dwindling enrollment, eleven-year-old Tess, a strong believer in luck, and her family take in a trumpet-playing foster child, to increase the school's population.
521 8# - TARGET AUDIENCE NOTE
Target audience note 750
Source Lexiles,
700 ## - ADDED ENTRY--PERSONAL NAME
Personal name Cynthia Lord
942 ## - ADDED ENTRY ELEMENTS (KOHA)
Source of classification or shelving scheme Library of Congress Classification
Koha item type Books
Suppress in OPAC No
Holdings
Withdrawn status Lost status Source of classification or shelving scheme Damaged status Not for loan Collection Home library Current library Shelving location Date acquired Total Checkouts Full call number Barcode Date last seen Copy number Price effective from Koha item type
    Dewey Decimal Classification     Fiction Footprints International School Library Network Toul Kork Campus Footprints International School Library Network Toul Tom Poung Campus   05/06/2024   LOR PZ7.L87734 813.62 2024-0560 10/08/2025 1 05/06/2024 Books